Ma dose quotidienne d'histoire des arts : 365 notions en peinture, sculpture, musique, danse et théâtre (notice n° 2198277)

détails MARC
000 -LEADER
fixed length control field 01489cam a2200145 4500500
005 - DATE AND TIME OF LATEST TRANSACTION
control field 20260405085526.0
041 ## - LANGUAGE CODE
Language code of text/sound track or separate title fre
042 ## - AUTHENTICATION CODE
Authentication code dc
100 10 - MAIN ENTRY--PERSONAL NAME
Personal name Casellas, Laure
Relator term author
245 00 - TITLE STATEMENT
Title Ma dose quotidienne d'histoire des arts : 365 notions en peinture, sculpture, musique, danse et théâtre
260 ## - PUBLICATION, DISTRIBUTION, ETC.
Name of publisher, distributor, etc. Armand Colin,<br/>
Date of publication, distribution, etc. 2023.<br/>
520 ## - SUMMARY, ETC.
Summary, etc. « Ma dose quotidienne » embarque le lecteur pour un tour du monde de l’histoire de l’art en 365 jours !  Au fil des pages, retrouvez les dates clés de l’histoire de la peinture, de la sculpture, de la musique, de la danse et du théâtre. personnages connus ou anonymes les plus marquants.  De la naissance de Michel-Ange à la mort de Michael Jackson, Laure Casellas et Alexandre Ourgaud égrainent les temps forts qui font l’histoire des arts. 4 mars 1678 : naissance d’Antonio Vivaldi. 4 novembre 1783 : création de la  symphonie n°36 de Mozart. 7 octobre 1881 : première exposition de Paul Cézanne. 5 octobre 2018 : destruction de « La Petite Fille au ballon rouge ».  Evénements, mouvements artistiques, œuvres emblématiques et  artistes, les auteurs de cette dose quotidienne rendent hommage au monde des arts. Cet  éphéméride truffé d’anecdotes et de citations est à lire au fil de jours ou de ses envies. 
700 10 - ADDED ENTRY--PERSONAL NAME
Personal name Ourgaud, Alexandre
Relator term author
856 41 - ELECTRONIC LOCATION AND ACCESS
Uniform Resource Identifier <a href="https://shs.cairn.info/ma-dose-quotidienne-d-histoire-des-arts--9782200635237?lang=fr&redirect-ssocas=7080">https://shs.cairn.info/ma-dose-quotidienne-d-histoire-des-arts--9782200635237?lang=fr&redirect-ssocas=7080</a>

Pas d'exemplaire disponible.

PLUDOC

PLUDOC est la plateforme unique et centralisée de gestion des bibliothèques physiques et numériques de Guinée administré par le CEDUST. Elle est la plus grande base de données de ressources documentaires pour les Étudiants, Enseignants chercheurs et Chercheurs de Guinée.

Adresse

627 919 101/664 919 101

25 boulevard du commerce
Kaloum, Conakry, Guinée

Réseaux sociaux

Powered by Netsen Group @ 2025